| 000 | 00451nam a2200157 i 4500 | ||
|---|---|---|---|
| 001 | 150166 | ||
| 003 | ES-MaACL | ||
| 005 | 20230906203412.0 | ||
| 007 | t| | ||
| 008 | 071026s1968 sp ||||1| spa d | ||
| 100 | 1 |
_aVallejo, Félix Angel. _9112838 |
|
| 245 | 1 | 0 |
_aMonólogos de un moribundo / _cFélix Angel Vallejo. |
| 260 |
_aMadrid : _b[s.n.], _c1968 ( _fNuevas Gráficas) |
||
| 300 |
_a124 p. ; _c17 cm. |
||
| 852 |
_aES-MaACL _jC-36102 _bR.68074 |
||
| 999 |
_c150166 _d150166 |
||